Logo BPK

Biblioteka

Politechniki Koszalińskiej

Der Spritzgiess-Werkzeugbau in Beispielen / (Rekord nr 18231)

Szczegóły MARC
000 -ETYKIETA REKORDU
podpole kontrolne o stałej długości 00514nam a2200193 i 4500
001 - NUMER KONTROLNY REKORDU
pole kontrolne bg
020 ## - MIĘDZYNARODOWY ZNORMALIZOWANY NUMER KSIĄŻKI - ISBN
ISBN 3446120432
040 ## - ŹRÓDŁO KATALOGOWANIA
Instytucja, która utworzyła rekord BPK
041 ## - KOD JĘZYKA
Kod języka tekstu pol
080 ## - UNIWERSALNA KLASYFIKACJA DZIESIĘTNA - UKD
UKD 678
920 ## - Międzynarodowy znormalizowany numer książki – ISBN
ISBN 3-446-12043-2
008 - POLE O STAŁEJ DŁUGOŚCI - DANE KONTROLNE
podpole kontrolne o stałej długości s pl f |000 0 pol
100 1# - NAZWA OSOBOWA
Nazwa osobowa GASTROW, Hans
245 #0 - TYTUŁ/ODPOWIEDZIALNOŚĆ
Tytuł Der Spritzgiess-Werkzeugbau in Beispielen /
Pozostałe elementy strefy tytułu i oznaczenia odpowiedzialności von Hans Gastrow ; hrsg. von K. Stoeckhert.
250 ## - STREFA WYDANIA
Oznaczenie wydania 2 erweit Aufl.
260 ## - STREFA ADRESU WYDAWNICZEGO
Miejsce wydania München :
Nazwa wydawcy/dystrybutora Carl Hanser,
Data publikacji, dystrybucji/powstania dokumentu 1975.
300 ## - STREFA OPISU FIZYCZNEGO
Objętość s. 212 :
Inne cechy fizyczne rys. ;
Rozmiary 28 cm.
856 ## - LOKALIZACJA I DOSTĘP DO ELEKTRONICZNYCH DOKUMENTÓW ZDALNYCH
Link (URL) http://koha.tu.koszalin.pl/cgi-bin/koha/opac-detail.pl?biblionumber=18231
Tekst linku Katalog online BPK
942 ## - DODATKOWE ELEMENTY (KOHA)
Typ dokumentu Książka
Egzemplarze
Wycofany Status egzemplarza Uszkodzony Dostępność Lokalizacja stała Lokalizacja bieżąca Miejsce przechowywania Sygnatura Kod kreskowy Typ dokumentu
      Dostępny Biblioteka Politechniki Koszalińskiej Biblioteka Politechniki Koszalińskiej Wypożyczalnia BG 24140 02030470 Książka
© 2023 Biblioteka Politechniki Koszalińskiej :: KOHA